[Event "Steinfurt Bezirksliga 1819"]
[Site "Germany"]
[Date "2018.09.01"]
[Round "1.7"]
[White "Roewekamp, Helmut"]
[Black "Kretschmer, Sven"]
[Result "1-0"]
[WhiteElo "1614"]
[BlackElo "1070"]
[PlyCount "39"]
[EventDate "2018.09.01"]
[EventType "team-tourn"]
[EventRounds "10"]
[EventCountry "GER"]
[SourceTitle "EXT 2020"]
[Source "ChessBase"]
[SourceDate "2019.10.17"]
[SourceVersion "1"]
[SourceVersionDate "2019.10.17"]
[SourceQuality "1"]
[WhiteTeam "Reckenfeld"]
[BlackTeam "Ibbenbueren II"]
[WhiteTeamCountry "GER"]
[BlackTeamCountry "GER"]

1. e4 Nc6 2. Nf3 e5 3. c3 Bc5 4. Bc4 Nf6 5. d3 h6 6. Nbd2 Ng4 7. 0-0 0-0 8. b4 Bb6 9. a4 d6 10. Qe2 a5 11. b5 Ne7 12. Bb3 d5 13. Ba3 c6 14. exd5 cxd5 15. Nxe5 Bxf2+ 16. Rxf2 Nxf2 17. Kxf2 Qc7 18. Rc1 Re8 19. d4 f6 20. Ng6 1-0

[Event "Steinfurt Bezirksliga 1718"]
[Site "Germany"]
[Date "2017.12.02"]
[Round "3.8"]
[White "Thiele, Simon"]
[Black "Kretschmer, Sven"]
[Result "1-0"]
[WhiteElo "1275"]
[BlackElo "1186"]
[PlyCount "49"]
[EventDate "2017.09.23"]
[EventType "team-tourn"]
[EventRounds "7"]
[EventCountry "GER"]
[SourceTitle "EXT 2019"]
[Source "ChessBase"]
[SourceDate "2018.10.10"]
[SourceVersion "1"]
[SourceVersionDate "2018.10.10"]
[SourceQuality "1"]
[WhiteTeam "Emsdetten Rochade V"]
[BlackTeam "Ibbenbueren II"]
[WhiteTeamCountry "GER"]
[BlackTeamCountry "GER"]

1. e4 e5 2. Nf3 Nc6 3. Nc3 Bc5 4. Nxe5 Nxe5 5. d4 Bxd4 6. Qxd4 d6 7. f4 c5 8. Qd1 Nc6 9. Nb5 Ke7 10. f5 a6 11. Nc3 Nf6 12. Bg5 Kd7 13. Bf4 Ke7 14. Qd2 Re8 15. 0-0-0 Ne5 16. Nd5+ Kf8 17. Nxf6 Qxf6 18. Qxd6+ Qxd6 19. Rxd6 Nc4 20. Bxc4 Rxe4 21. Rd8+ Ke7 22. Bc7 Rxc4 23. Rf1 Rd4 24. f6+ gxf6 25. Re1+ 1-0